00820nam a2200193 a 450000100100000000500170001000800410002702000150006804000250008310000270010824501500013526000720028530000210035749000440037850400320042250400730045471000550052783000440058200004199320201002035855.0131007s2005 sp 000 0 spa d a8400083415 aDO-SdBNPbspacBNPHU1 aSevilla Soler, Rosario10aLa revolución mexicana y la opinión pública española :bla prensa sevillana frente al proceso de insurrección /cRosario Sevilla Soler. aMadrid :bConsejo Superior de Investigaciones Científicas,c2005. a249 p. ;c25 cm.1 aBiblioteca de historia de Américav34 aBibliografía : p. 243-249 aIncluye referencias bibliográficas y notas al pie de las páginas2 aConsejo Superior de Investigaciones Científicas, 0aBiblioteca de historia de Américav34